Kluby w Serie A w sezonie 2024/25 - Statystyki

Ogólne statystyki
  • Ten quiz został rozwiązany 49 razy
  • Średni wynik to 14 z 20
Statystyki odpowiedzi
Klub % Poprawnych
AS Roma
100%
Juventus F.C.
100%
A.C. Milan
95%
Inter Mediolan
93%
SSC Napoli
93%
S.S. Lazio
84%
ACF Fiorentina
81%
Atalanta BC
81%
Torino FC
77%
Bologna FC
74%
Parma Calcio
67%
Genoa CFC
65%
Empoli FC
60%
Udinese Calcio
58%
Como 1907
56%
Hellas Verona
56%
AC Monza
53%
Venezia FC
53%
US Lecce
40%
Cagliari Calcio
35%
Nie znaleziono quizów pasujących do podanych kryteriów
Rozkład punktacji
Procent ludzi z każdym wynikiem
Percentyl według liczby udzielonych odpowiedzi
Twoja historia wyników
Nie rozwiązałeś tego quizu